| 000 | 00486nam a22001457a 4500 | ||
|---|---|---|---|
| 003 | MACL | ||
| 005 | 20190427155911.0 | ||
| 008 | 190427b xxu||||| |||| 00| 0 eng d | ||
| 040 | _cMACL | ||
| 100 |
_aकुमार,डॉ. नेरश _974590 |
||
| 245 | _aविकलांग बालकों की शिक्षा | ||
| 260 |
_aदिल्ली _bपंकज पुस्तक मन्दिर _c2018 |
||
| 650 |
_aशिक्षा _974591 |
||
| 942 |
_2ddc _cHIN |
||
| 999 |
_c59566 _d59566 |
||